000
00286nam a22001097a 4500
082
_a
923 ONE'C
100
_a
CANNING, JOHN
_9
79446
245
_a
180 GREAT MODERN LIVES MAKERS OF THE WORLD TODAY FROM FARADAY TO KENNEDY
260
_a
LONDON
_b
ODHAMS
_c
1969
300
_a
640P
942
_c
BK
999
_c
584486
_d
584486